000
00298nam a22001337a 4500
008
170529b xxu||||| |||| 00| 0 eng d
020
_a
3486346210
041
_a
ger
080
_a
621
100
_a
27
101
_a
IM
245
_a
NUMERISCHE METHODEN DER OPTIMIERUNG
_c
HOFER,E
942
_2
udc
_c
BK
999
_c
14759
_d
14759